ბათუმის შოთა რუსთაველის სახელმწიფო უნივერსიტეტის ბიბლიოთეკა

ტელევიზიის შესახებ = Sur la television / (ბიბ.ჩანაწერი № 61627)

000 -ლიდერი
ფიქსირებული სიგრძის საკონტროლო ველი 01095nam a22002177a 4500
003 - საკონტროლო ნომრის იდენტიფიკატორი
საკონტროლო ველი Ge_BSU
005 - ბოლო ოპერაციის თარიღი და დრო
საკონტროლო ველი 20240402123619.0
008 - ფიქსირებული სიგრძის მონაცემთა ელემენტები - ზოგადი ინფორმაცია
ფიქსირებული სიგრძის საკონტროლო ველი 240402s2021 ge ||||| |||| 00| 0 geo d
020 ## - წიგნის საერთაშორისო სტანდარტული ნომერი
International Standard Book Number 9789941977084
041 ## - ენის კოდი
Language code of text/sound track or separate title geo
080 ## - უნივერსალური ათობითი კლასიფიკაციის ინდექსი
Universal Decimal Classification number 654.197 ბ-97
100 ## - მთავარი ჩანაწერი - პიროვნების სახელი
Personal name ბურდიე, პიერ
9 (RLIN) 21678
245 ## - ცნობა სათაურის შესახებ
Title ტელევიზიის შესახებ = Sur la television /
Statement of responsibility, etc პიერ ბურდიე; ფრანგულიდან თარგმნა გიორგი ბარამიძემ.
264 ## - წარმოების, გამოცემის, დისტრიბუციის და სხვა ცნობები
გამოცემის, წარმოების, დისტრიბუციის... ადგილი თბილისი :
გამოცემის, წარმოების, დისტრიბუციის... სახელწოდება Carpe diem,
გამოცემის, წარმოების, დისტრიბუციის... თარიღი 2021.
300 ## - ფიზიკური აღწერა
Extent 108 გვ. ;
Other physical details 21 სმ.
500 ## - ზოგადი შენიშვნა
General note წიგნი გამოიცა ფრანგული ინსტიტუტის საგამომცემლო დახმარების პროგრამის ხელშეწყობით.
653 ## - INDEX TERM--UNCONTROLLED
Uncontrolled term ტელევიზია
653 ## - INDEX TERM--UNCONTROLLED
Uncontrolled term ტელეგადაცემები
700 ## - ADDED ENTRY--PERSONAL NAME
Personal name ბარამიძე, გიორგი
Relator term მთარგმნელი
9 (RLIN) 21679
942 ## - ADDED ENTRY ELEMENTS (KOHA)
Source of classification or shelving scheme
Koha item type წიგნი
ეგზემპლარები
ჩამოწერის სტატუსი დაკარგული ეგზემპლარის სტატუსი კლასიფიკაციის წყარო ან თაროზე გაწყობის სქემა დაზიანების სტატუსი არ გაიცემა მუდმივი მდებარეობა (დაცვის ადგილი) ამჟამინდელი ადგილსამყოფელი თაროზე განთავსების ადგილი შეძენის თარიღი ღირებულება, შესყიდვის ნორმალური ფასი სრული შენახვის შიფრი შტრიხკოდი ბოლო ოპერაციის თარიღი ეგზემპლარის მიმდევრობითი ნომერი (კეტერი?) Uniform Resource Identifier ფასის ძალაში შესვლის თარიღი ეგზემპლარის სახეობა საჯარო შენიშვნა
          ბათუმის შოთა რუსთაველის სახელმწიფო უნივერსიტეტის მთავარი ბიბლიოთეკა ბათუმის შოთა რუსთაველის სახელმწიფო უნივერსიტეტის მთავარი ბიბლიოთეკა წიგნსაცავი 2024-04-02 7.00 654.197 ბ-97 67769 2024-04-02 67769 ნაჩუქარი 2024-04-02 წიგნი 7 ლ.
          ბათუმის შოთა რუსთაველის სახელმწიფო უნივერსიტეტის მთავარი ბიბლიოთეკა ბათუმის შოთა რუსთაველის სახელმწიფო უნივერსიტეტის მთავარი ბიბლიოთეკა წიგნსაცავი 2025-05-27 18.00 654.197 ბ-97 71559 2025-05-27 71559   2025-05-27 წიგნი 18ლ.40თ.
          ბათუმის შოთა რუსთაველის სახელმწიფო უნივერსიტეტის მთავარი ბიბლიოთეკა ბათუმის შოთა რუსთაველის სახელმწიფო უნივერსიტეტის მთავარი ბიბლიოთეკა წიგნსაცავი 2025-05-27 18.00 654.197 ბ-97 71560 2025-05-27 71560   2025-05-27 წიგნი 18ლ.40თ.